| 000 | 00903nas a2200289 4500 | ||
|---|---|---|---|
| 001 | BR0200569 | ||
| 003 | BR-BrBNA | ||
| 005 | 20231205102650.0 | ||
| 007 | ta | ||
| 008 | 230509b bl.|||p| |||| 00| 00por d | ||
| 040 |
_aBR-BrBNA _bpor _cBiblioteca Nacional de Agricultura |
||
| 041 | _a(En) | ||
| 072 | _aH20 | ||
| 100 | 1 | _aRomeiro, R. da S. | |
| 100 | 1 | _aNeves, D.M.S. | |
| 100 | 1 | _aLeite, R.S.V. | |
| 245 | 1 | _aA benzothiadiazole derivate promotes experimental control of bacterial speck (Pseudomonas syringae pv. tomato)by activating constitutive host defenses | |
| 650 | _aTOMATE | ||
| 650 | _aMANCHA BACTERIANA | ||
| 650 | _aPINTA PRETA | ||
| 650 | _aINOCULAÇÃO | ||
| 650 | _aLESÃO | ||
| 650 | _aESTUFA | ||
| 773 | 0 |
_tRevista Ceres (Brazil) _xISSN 0034-737X _g(May-Jun 2001), v. 48(277) p. 389-394 _wBR0200569 |
|
| 909 |
_a202311 _bLúcia _c55 _dLúcia Elande |
||
| 942 |
_2AGRIS _n0 _cANA |
||
| 999 |
_c168702 _d168702 |
||